LEADER 01279oam 2200397zu 450 001 9910872682003321 005 20241212214930.0 035 $a(CKB)111026746725096 035 $a(SSID)ssj0000558376 035 $a(PQKBManifestationID)12289812 035 $a(PQKBTitleCode)TC0000558376 035 $a(PQKBWorkID)10575831 035 $a(PQKB)10588832 035 $a(NjHacI)99111026746725096 035 $a(EXLCZ)99111026746725096 100 $a20160829d1999 uy 101 0 $aeng 135 $aur||||||||||| 181 $ctxt 182 $cc 183 $acr 200 10$a1999 High Performance Electron Devices for Microwave and Optoelectronic Applications 210 31$a[Place of publication not identified]$cI E E E$d1999 215 $a1 online resource (346 pages) 300 $aBibliographic Level Mode of Issuance: Monograph 311 08$a9780780352988 311 08$a078035298X 606 $aMicrowave devices$vCongresses 615 0$aMicrowave devices 676 $a621.3813 712 02$aInstitute of Electrical and Electronics Engineers, Inc. Staff 801 0$bPQKB 906 $aPROCEEDING 912 $a9910872682003321 996 $a1999 High Performance Electron Devices for Microwave and Optoelectronic Applications$92523812 997 $aUNINA LEADER 01823nam 2200385z- 450 001 9910367728503321 005 20210211 035 $a(CKB)4100000010106416 035 $a(oapen)https://directory.doabooks.org/handle/20.500.12854/41631 035 $a(oapen)doab41631 035 $a(EXLCZ)994100000010106416 100 $a20202102d2019 |y 0 101 0 $aspa 135 $aurmn|---annan 181 $ctxt$2rdacontent 182 $cc$2rdamedia 183 $acr$2rdacarrier 200 00$aAutoetnografi?as, cuerpos y emociones (I). Perspectivas metodolo?gicas en la investigacio?n en salud 210 $cPublicacions Universitat Rovira i Virgili$d2019 215 $a1 online resource (280 p.) 225 1 $aAntropologia Mèdica 311 08$a84-8424-813-5 330 $aEste libro recoge un conjunto de voces polifo?nicas que exploran el contacto entre el yo y los otros en el transcurso del quehacer antropolo?gico. En conjunto, las aportaciones de los diferentes autores de este libro contribuyen al desarrollo de la antropologi?a me?dica aplicada en campos tan diversos como la salud mental, las adicciones o las medicinas alternativas. Se trata de un proyecto siempre "inacabado" que espera remover certezas y estructuras en quienes se acerquen a e?l. 517 $aAutoetnografías, cuerpos y emociones 517 $aAutoetnografías, cuerpos y emociones 606 $aMedicine and Nursing$2bicssc 610 $aantropologi?a me?dica 610 $asalud 615 7$aMedicine and Nursing 700 $aSam Fernández-Garrido (ed.)$4auth$01293618 702 $aElisa Alegre-Agís (ed.)$4auth 906 $aBOOK 912 $a9910367728503321 996 $aAutoetnografías, cuerpos y emociones (I). Perspectivas metodológicas en la investigación en salud$93025756 997 $aUNINA